| 000 | 00697nam a2200229Ia 4500 | ||
|---|---|---|---|
| 005 | 20220913113501.0 | ||
| 008 | 210716s2005 xx 000 0 und d | ||
| 020 | _a9788184893649 | ||
| 040 | _cAIMIT LIBRARY | ||
| 041 | _aeng | ||
| 082 |
_a621.3192 _21 _bBRAU |
||
| 100 |
_aBrandes, Ulrik. _957307 |
||
| 245 |
_aNetwork analysis: _bmethodological foundations / _cBy Ulrik Brandes and Thomas Erlebach |
||
| 250 | _a1st ed. | ||
| 260 |
_aNew Delhi : _bSpringer , _c2005. |
||
| 300 |
_axii,471p. ; _c23 cm. |
||
| 650 |
_aElements _957308 |
||
| 650 |
_aNetworks _957309 |
||
| 650 |
_aSpectral analysis _957310 |
||
| 700 |
_aErlebach, Thomas. _957311 |
||
| 942 |
_2ddc _cBK _e1st ed. _k621.3192 BRAU |
||
| 999 |
_c190257 _d190257 |
||